| Tag |
First Indicator |
Second Indicator |
Subfields |
| LEADER |
00000cam a2200000 a 4500 |
| 001 |
in00000018411 |
| 005 |
20151007053232.0 |
| 008 |
861029s1987 nyu b 10100 eng d |
| 010 |
|
|
|a 86028729
|
| 020 |
|
|
|a 0898853397
|
| 035 |
|
|
|a (OCoLC)14716917
|
| 035 |
|
|
|9 AAB0902AM
|
| 040 |
|
|
|a DNLM/DLC
|c DLC
|d TXA
|d UtOrBLW
|
| 049 |
|
|
|a TXAM
|c [A11084519]
|
| 050 |
0 |
0 |
|a BF1078
|b .D74 1987
|
| 060 |
|
0 |
|a WM 460.5.D8 D7719 1985
|
| 082 |
0 |
|
|a 154.6/3
|2 19
|
| 245 |
0 |
0 |
|a Dreams in new perspective :
|b the royal road revisited /
|c edited by Myron L. Glucksman and Silas L. Warner.
|
| 264 |
|
1 |
|a New York, N.Y. :
|b Human Sciences Press,
|c [1987]
|
| 264 |
|
4 |
|c ©1987
|
| 300 |
|
|
|a 152 pages ;
|c 22 cm.
|
| 336 |
|
|
|a text
|b txt
|2 rdacontent
|
| 337 |
|
|
|a unmediated
|b n
|2 rdamedia
|
| 338 |
|
|
|a volume
|b nc
|2 rdacarrier
|
| 500 |
|
|
|a "This book is an outgrowth of a seminar, sponsored by the American Academy of Psychoanalysis, in Philadelphia on March 9, 1985"--Pref.
|
| 504 |
|
|
|a Includes bibliographies and index.
|
| 650 |
|
0 |
|a Dreams
|x Congresses.
|
| 650 |
|
0 |
|a Psychoanalytic interpretation.
|
| 700 |
1 |
|
|a Glucksman, Myron L.
|
| 700 |
1 |
|
|a Warner, Silas L.
|
| 710 |
2 |
|
|a American Academy of Psychoanalysis.
|
| 999 |
|
|
|a MARS
|
| 999 |
f |
f |
|s f1b5dcd9-9ff2-3072-84b3-8296b8800793
|i 972dc9db-1aa8-3577-9fd1-5dad63f3ac58
|t 0
|
| 952 |
f |
f |
|p ric
|a Texas A&M University
|b Rellis Campus
|c Joint Library Facility
|d Remote Storage
|t 0
|e BF1078 .D74 1987
|h Library of Congress classification
|i unmediated -- volume
|m A14811084519
|
| 998 |
f |
f |
|a BF1078 .D74 1987
|t 0
|l Remote Storage
|